ADVANCED ORGANIC CHEMISTRY (Record no. 9231)

MARC details
000 -LEADER
fixed length control field 00853nam a22001577a 4500
003 - CONTROL NUMBER IDENTIFIER
control field SGT
020 ## - INTERNATIONAL STANDARD BOOK NUMBER
International Standard Book Number 9788121935159
082 ## - DEWEY DECIMAL CLASSIFICATION NUMBER
Classification number 547, BAH
100 ## - MAIN ENTRY--PERSONAL NAME
Personal name BAHL, ARUN
245 ## - TITLE STATEMENT
Title ADVANCED ORGANIC CHEMISTRY
260 ## - PUBLICATION, DISTRIBUTION, ETC. (IMPRINT)
Place of publication, distribution, etc NEW DELHI
Name of publisher, distributor, etc S. CHAND
Year of Publication 2014
300 ## - PAGE DESCRIPTION
No. of Pages 1504
650 ## - SUBJECT ADDED ENTRY--TOPICAL TERM
Topical term or geographic name as entry element ORGANIC CHEMISTRY
653 ## - KEYWORDS--INDEX TERM
Keyword term Introduction, Structure Of Organic Molecules, Organic Reaction Mechanims, Organic Reaction Mechanisms, Isomerism And Stereochemistry, Spectroscopy, Alkanes | Cycloalkanes, Petroleum, Petrochemicals And Alternative Fuels, Alkenes And Dienes, Alkynes | Alkyl Halides, Organometallic Compunds, Alcohols, Polyhydric Alcohols| Polyhydric Alcohols, Ethers And Epoxides, Thiols And Thiothers, Aldehyde Methylene Compounds, Lipids | Cyan Compounds, Derivatives Of Carbonic Acids, Nitroalkanes, Diazoalkanes And Asides
942 ## - ADDED ENTRY ELEMENTS (KOHA)
Source of classification or shelving scheme Dewey Decimal Classification
Koha item type FPS Books
942 ## - ADDED ENTRY ELEMENTS (KOHA)
-- 1
Holdings
Withdrawn status Lost status Source of classification or shelving scheme Damaged status Not for loan Home library Current library Shelving location Date acquired Vendor Name Cost, normal purchase price SGTU Bill Number Total Checkouts Full call number Accession No. (Barcode) Date last seen Date last borrowed Bill Date Koha item type
    Dewey Decimal Classification     SGT Science & Social Sciences Library SGT Science & Social Sciences Library Text Book 25/06/2016 SPARSH BOOK GALLERY 1100.00 SGTU 1291 4 547, BAH PS520 09/10/2019 25/09/2019 25/11/2014 FPS Books
    Dewey Decimal Classification     SGT Science & Social Sciences Library SGT Science & Social Sciences Library Text Book 25/06/2016 SPARSH BOOK GALLERY 1100.00 SGTU 1291 3 547, BAH PS521 26/09/2019 25/09/2019 25/11/2014 FPS Books
    Dewey Decimal Classification     SGT Science & Social Sciences Library SGT Science & Social Sciences Library Text Book 25/06/2016 SPARSH BOOK GALLERY 1100.00 SGTU 1291 5 547, BAH PS522 26/12/2022 17/12/2022 25/11/2014 FPS Books